000
00294nam a22001217a 4500
020
_a
9788176222228
082
_a
631.1 YAD/AG
100
_a
Yadav S N
245
_a
Agricultural Engineering: Fundamentals and applications
260
_a
Delhi
_b
Biotech Books
_c
2011
300
_a
260
942
_c
BK
999
_c
13816
_d
13816